00866nam a2200253Ia 4500001000700000003000500007008004100012010001100053040000900064082001400073100003400087245010800121260003400229300001100263500004300274503005500317504002700372650004600399650003400445650003400479650001900513700003200532700004800564Z_6305CHAP220113s1978 xx 000 0 und d a169545 cCHAP a519.5 S64 aSnedecor, George W. 1881-1974 aMétodos estadísticos /cGeorge W. Snedecor y William G. Cechran; traducción J. A. Reynosa Fuller aMéxico :bC.E.C.S.A,c1978 a703 p. aTítulo original: Statistical methods aej.1: Donación de Javier Ocádiz Julio de 1979 aIncluye bibliografía aAgricultura xx Métodos estadísticos aBiología xx Estadística aEstadísticaxMetodología  aProbabilidades a Reynosa Fuller, J. A., tr. aCochran, William Gemmell, coaut. 1909-1980